Entradas reales en Barcelona : noticias sacadas del 'Dietari de la Generalitat de Catalunya' noticias sacadas del 'Dietari de la Generalitat de Catalunya'
Descripción Física:
210 p. ; 16 x 23 cm
MARC
| LEADER | 00000nam a2200000Ia 4500 | ||
|---|---|---|---|
| 001 | 13645 | ||
| 008 | 160829s9999 xx 000 0 cat d | ||
| 080 | |a H-2-131 | ||
| 245 | |a Entradas reales en Barcelona : |b noticias sacadas del 'Dietari de la Generalitat de Catalunya' | ||
| 260 | |a [S.l.] : |b [s.n.], [19-- ?] | ||
| 300 | |a 210 p. ; |c 16 x 23 cm | ||
| 590 | |a Buidat mecanografiat del Dietari de la Generalitat de Catalunya | ||
| 650 | |a Reis |x Viatges |x Barcelona |x S.XV/XVIII |x Dietaris |9 38842 | ||
| 901 | |a Arxiu | ||
| 942 | |n 1 | ||
| 952 | |0 0 |1 0 |4 0 |6 H2131 |7 1 |9 48642 |a Arxiu |b Arxiu |d 2016-12-01 |l 0 |o H-2-131 |p 13645 |r 2016-12-01 00:00:00 |w 2016-12-01 |y ARXIU | ||
| 999 | |c 52472 |d 52472 | ||